000 01263cam a2200133 4500500
005 20260405052325.0
041 _afre
042 _adc
100 1 0 _aLaurand, Valéry
_eauthor
245 0 0 _aLa politique stoïcienne
260 _bPresses Universitaires de France,
_c2005.
520 _aLe sage peut-il participer à la vie politique ? Chrusippe interrogé aurait répondu que «si l’on administre des choses de mauvaise qualité on est désagréable aux dieux, si l’on administre les choses de bonne qualité on sera désagréable aux citoyens». Cela montre les hésitations et tensions que l’on peut mettre à jour dans la philosophie politique stoïcienne. Celle-ci a trop souvent été confondue, par la critique moderne,avec l’éthique. Il s’agit donc de retourner aux sources pour dessiner les cadres de la pensée politique des stoïciens et découvrir la bonne articulation entrela loi naturelle, celle de la raison divine à l’œuvre dans le monde et la loi positive, celle de la cité, qui doit composer avec les limites des «insensés» que sont les hommes au pouvoir et les spécificités d’un peuple.
856 4 1 _uhttps://shs.cairn.info/la-politique-stoicienne--9782130541509?lang=fr&redirect-ssocas=7080
999 _c2184435
_d2184435